Catholic University of Zimbabwe Library
Online Public Access Catalogue
(OPAC)

Australian Politics and Policy (Record no. 20161)

MARC details
000 -LEADER
fixed length control field 02032nam a2200457 4500
001 - CONTROL NUMBER
control field OTLid0000818
003 - CONTROL NUMBER IDENTIFIER
control field MnU
005 - DATE AND TIME OF LATEST TRANSACTION
control field 20201105133403.0
006 - FIXED-LENGTH DATA ELEMENTS--ADDITIONAL MATERIAL CHARACTERISTICS
fixed length control field m o d s
008 - FIXED-LENGTH DATA ELEMENTS--GENERAL INFORMATION
fixed length control field 200322s2019 mnu o 0 0 eng d
020 ## - INTERNATIONAL STANDARD BOOK NUMBER
International Standard Book Number
040 ## - CATALOGING SOURCE
Original cataloging agency MnU
Language of cataloging eng
Transcribing agency MnU
050 #4 - LIBRARY OF CONGRESS CALL NUMBER
Classification number KF385.A4
050 #4 - LIBRARY OF CONGRESS CALL NUMBER
Classification number JA71
050 #4 - LIBRARY OF CONGRESS CALL NUMBER
Classification number K3400
050 #4 - LIBRARY OF CONGRESS CALL NUMBER
Classification number K3154
245 00 - TITLE STATEMENT
Title Australian Politics and Policy
Statement of responsibility, etc. Peter Chen
250 ## - EDITION STATEMENT
Edition statement Senior
264 #2 - PRODUCTION, PUBLICATION, DISTRIBUTION, MANUFACTURE, AND COPYRIGHT NOTICE
Name of producer, publisher, distributor, manufacturer Open Textbook Library
264 #1 - PRODUCTION, PUBLICATION, DISTRIBUTION, MANUFACTURE, AND COPYRIGHT NOTICE
Name of producer, publisher, distributor, manufacturer Sydney University Press
300 ## - PHYSICAL DESCRIPTION
Extent 1 online resource
490 0# - SERIES STATEMENT
Series statement Open textbook library.
505 0# - FORMATTED CONTENTS NOTE
Formatted contents note Introduction -- Institutions -- Federalism -- Political sociology -- Policy making
520 0# - SUMMARY, ETC.
Summary, etc. This book is a broad introduction to Australian politics and public policy. This field of study is important for Australians to understand the exercise of political power, their history and the scope for change. It is also important for analysts outside Australia looking for comparative cases. Within this volume are diverse topics and perspectives, demonstrating that the study of Australian politics and policy is not 'fixed'. Rather, it is a contested field of academic scholarship. Indeed, the volume's editors do not all agree on the content of this introduction!
542 1# - INFORMATION RELATING TO COPYRIGHT STATUS
Copyright statement Attribution-NonCommercial-ShareAlike
546 ## - LANGUAGE NOTE
Language note In English.
588 0# - SOURCE OF DESCRIPTION NOTE
Source of description note Description based on print resource
650 #0 - SUBJECT ADDED ENTRY--TOPICAL TERM
Topical term or geographic name entry element Law
Form subdivision Textbooks
Geographic subdivision United States
650 #0 - SUBJECT ADDED ENTRY--TOPICAL TERM
Topical term or geographic name entry element Political Science
Form subdivision Textbooks
650 #0 - SUBJECT ADDED ENTRY--TOPICAL TERM
Topical term or geographic name entry element Administrative Law
Form subdivision Textbooks
650 #0 - SUBJECT ADDED ENTRY--TOPICAL TERM
Topical term or geographic name entry element Constitutional Law
Form subdivision Textbooks
700 1# - ADDED ENTRY--PERSONAL NAME
Personal name Chen, Peter J.
Relator term author
700 1# - ADDED ENTRY--PERSONAL NAME
Personal name Barry, Nicholas
Relator term author
700 1# - ADDED ENTRY--PERSONAL NAME
Personal name Butcher, John R.
Relator term author
710 2# - ADDED ENTRY--CORPORATE NAME
Corporate name or jurisdiction name as entry element Open Textbook Library
Relator term distributor
856 40 - ELECTRONIC LOCATION AND ACCESS
Uniform Resource Identifier <a href="https://open.umn.edu/opentextbooks/textbooks/818">https://open.umn.edu/opentextbooks/textbooks/818</a>
Public note Access online version
Holdings
Withdrawn status Lost status Source of classification or shelving scheme Damaged status Not for loan Home library Shelving location Date acquired Total Checkouts Full call number Date last seen Uniform Resource Identifier Price effective from Koha item type
          Digital Library Online Access 05.11.2020   KF385.A4 05.11.2020 https://open.umn.edu/opentextbooks/textbooks/818 05.11.2020 eBook

OPENING HOURS

Weekdays: 0815hrs - 1800hrs
Weekends:0900hrs - 1200hrs

Closed for Mass:

Mon, Thur: 1200hrs - 1300hrs
Sunday & Public Holiday’s

CALL SUPPORT

0242-570570, 0242-570169
09200664, +263 8644140602

LOCATION

18443, Cranborne Avenue, Hatfield, Harare

Other Links


©2021 | CUZ Library